000 00809nam a2200217Ia 4500
003 GCL
008 140319s9999 xx 000 0 ara d
020 _a5 790 85516 1
040 _aGCL /
_cGCL
082 0 4 _a320.973
_bج م
100 1 _aجهاد الخازن
245 1 0 _aالمحافظون الجدد والمسيحيون الصهيونيون /
_cجهاد الخازن
250 _aالاولى
260 _aبيروت :
_bدار الساقى ،
_c2005
300 _a142 ص ؛
_c24 سم
650 0 4 _aالصهيونية
650 0 4 _aالقوى العظمى
650 0 4 _aالولايات المتحدة الامريكية - الاحوال السياسية
650 0 4 _aالولايات المتحدة الامريكية - العلاقات الخارجية - اسرائيل
942 _2ddc
_cBK
999 _c9970
_d9970